| 000 | 00480nam a2200205Ia 4500 | ||
|---|---|---|---|
| 008 | 170918s9999 xx 000 0 und d | ||
| 020 | _a9780531241103 | ||
| 050 | _bM258 2009 | ||
| 100 | _aMaloy, Jackie | ||
| 245 | 4 | _aThe ancient Maya / | |
| 245 | _cJackie Maloy. | ||
| 260 | _aNew York : | ||
| 260 | _bChildren's Press, | ||
| 260 | _c2009 | ||
| 300 | _a48 pages : | ||
| 300 | _bcolored illustration ; | ||
| 300 | _c21cm. | ||
| 440 | _aA true book. | ||
| 500 | _a960 | ||
| 999 |
_c342565 _d342565 |
||